000 00731nam a22001937a 4500
999 _c181583
_d181583
005 20210924113203.0
010 _aUR-11242
020 _c800.00
_a -
035 _aU-9797
037 _bDBAD/PUB
082 _a270
100 _aر حمت ا للہ صا حب کير ا نو ی
245 _aا ز ا لتہ ا لشکو ک (جلد ا و ل )
_cر حمت ا للہ صا حب کير ا نو ی
246 _aAzalta Alshakuk (Part-1) (Urdu)
_bby Rehmat Ullah Sahib Kiranvi
260 _aSaharanpur
_c2021 ء
_bShaikhul Hind Academy,Darul Ulloom,
270 _aAljamiatul Islamia,Darul Ulloom,Deoband,
_bSaharanpur (U.P.)
_e247554
_l -
300 _a728 ص
_c22 Cm(Hb)
942 _2ddc
_cUR
_h270
_mر ح م